| Tag |
First Indicator |
Second Indicator |
Subfields |
| LEADER |
00000cam a2200000 4500 |
| 001 |
in00000063622 |
| 005 |
20151007083215.0 |
| 008 |
750422s1941 dcu b 00010 eng |
| 010 |
|
|
|a 42003735
|
| 035 |
|
|
|a (OCoLC)01291818
|
| 035 |
|
|
|9 AAF9020AM
|
| 040 |
|
|
|a DLC
|c ORL
|d TXA
|d UtOrBLW
|
| 049 |
|
|
|a TXAM
|c [340593]
|
| 050 |
|
0 |
|a E185.93.S7
|b K6
|
| 092 |
|
|
|a 325.26
|b K65a
|
| 100 |
1 |
|
|a Klingberg, Frank J.
|q (Frank Joseph),
|d 1883-1968.
|
| 245 |
1 |
3 |
|a An appraisal of the Negro in colonial South Carolina :
|b a study in Americanization /
|c by Frank J. Klingberg ...
|
| 264 |
|
1 |
|a Washington :
|b Associated Publishers,
|c 1941.
|
| 300 |
|
|
|a 180 pages ;
|c 24 cm.
|
| 336 |
|
|
|a text
|b txt
|2 rdacontent
|
| 337 |
|
|
|a unmediated
|b n
|2 rdamedia
|
| 338 |
|
|
|a volume
|b nc
|2 rdacarrier
|
| 650 |
|
0 |
|a African Americans
|z South Carolina.
|
| 650 |
|
0 |
|a Slavery
|z South Carolina.
|
| 651 |
|
0 |
|a South Carolina
|x History
|y Colonial period, ca. 1600-1775.
|
| 999 |
|
|
|a MARS
|
| 999 |
f |
f |
|s 2c32a780-6f32-34ec-a821-e17f61f11dd5
|i b214a060-9c03-3ab6-bc4d-311b6bffa64c
|t 0
|
| 952 |
f |
f |
|p normal
|a Texas A&M University
|b College Station
|c Sterling C. Evans Library
|d Evans: Library Stacks
|t 0
|e E185.93.S7 K6
|h Library of Congress classification
|i unmediated -- volume
|m A14800670006
|
| 998 |
f |
f |
|a E185.93.S7 K6
|t 0
|l Evans: Library Stacks
|